000 00332pab a2200145 454500
008 180718b1987 xxu||||| |||| 00| 0 eng d
100 _aGoyal, D.R.
245 _aPunjab
_bReviewing Barnala phase
260 _c1987
300 _a7-9
362 _a23 May
650 _aPunjab - Government
773 _aMainstream
909 _a16801
999 _c16801
_d16801